00484nam a2200157 a 450000100100000000500170001000800410002702000150006804000250008310000320010824500610014026000400020130000210024149000320026283000320029400004394520201002045046.0140509s1996 sp 000 0 spa d a8420607770 aDO-SdBNPbspacBNPHU1 aGarcía Morillo, Joaquín13aLa democracia en España /cJoaquín García Morillo. aMadrid :bAlianza Editorial,c1996. a448 p. ;c19 cm.1 aEl libro del bolsillov1777 0aEl libro del bolsillov1777